| 000 | 00842 a2200289 4500 | ||
|---|---|---|---|
| 005 | 20250829104041.0 | ||
| 008 | 250829b |||||||| |||| 00| 0 eng d | ||
| 041 | _aEn | ||
| 044 | _aCIV | ||
| 090 | _bDG/A/1654 | ||
| 100 | _aKANON, Alban Landry | ||
| 100 | _aDEPIEU, Meougbe Ernest | ||
| 110 | _aCentre National de Recherche Agronomique | ||
| 110 | _bCote d'Ivoire | ||
| 245 | _aRice value chain upgrading in Cote d'Ivoire : The role of the improved GEM system for rice parboiling | ||
| 260 | _bCNRA | ||
| 260 | _cMai 2025 | ||
| 302 | _a p. 1-17 | ||
| 388 | _a2025-08-29 | ||
| 650 |
_2AGROVOC _g |
||
| 650 | _g securite alimentaire | ||
| 650 | _gGEM | ||
| 650 | _g | ||
| 650 | _gRiz | ||
| 650 | _gQualite | ||
| 856 | _uhttps://ftech.byethost7.com/wp-content/uploads/2025/08/DGA1654.pdf | ||
| 999 |
_c5975 _d5975 |
||